| 000 | 00488 a2200157 4500 | ||
|---|---|---|---|
| 020 | _a9781119961321 | ||
| 040 |
_aDLC _bDLC |
||
| 082 | _a005.446 | ||
| 100 | _aNapier, Robert | ||
| 245 |
_aPushing the limits with iOS 5 programming : developing extraordinary mobile apps for Apple iPhone, iPad and iPod touch _cNapier, Robert |
||
| 260 |
_aUSA _bWiley _c2012 |
||
| 300 | _a407 p. | ||
| 650 | _aApplication software--Development | ||
| 700 | _aNapier, Robert | ||
| 942 |
_cBK _k005.446 NAP _2ddc |
||
| 999 |
_c10758 _d10758 |
||